LEADER 00862nam0-22002651i-450- 001 990004769410403321 005 19990530 035 $a000476941 035 $aFED01000476941 035 $a(Aleph)000476941FED01 035 $a000476941 100 $a19990530g19689999km-y0itay50------ba 101 0 $aita 105 $ay-------001yy 200 1 $aRhomäerreich und Gottesvolk$eDas Glaubens- , Staats-und Volksbewusstsein der Byzantiner und seine Auswirkung auf die ostkirchlich-osteuropäische Geisteshaltung$fEndre von Ivànka 210 $aFreiburg,Mnnchen$cK. Alber$dc1968. 215 $a167 p.$d21 cm 700 1$aIvanka,$bEndre : von$0178338 801 0$aIT$bUNINA$gRICA$2UNIMARC 901 $aBK 912 $a990004769410403321 952 $aV 19$bBibl. 44590$fFLFBC 959 $aFLFBC 996 $aRhomäerreich und Gottesvolk$9560515 997 $aUNINA LEADER 00919cam0-2200337---450- 001 990004077300403321 005 20101111135816.0 010 $a88-06-14264-X 035 $a000407730 035 $aFED01000407730 035 $a(Aleph)000407730FED01 035 $a000407730 100 $a19990604d1996----km-y0itay50------ba 101 0 $aita 102 $aIT 105 $ay-------00-y- 200 1 $a<>italiano$eil carattere nazionale come storia e come invenzione$fGiulio Bollati 210 $aTorino$cEinaudi$d1996 215 $aXXIV, 207 p.$d21 cm 225 1 $aBiblioteca studio$v31 610 0 $aItaliani 676 $a305.851 676 $a945.08 700 1$aBollati,$bGiulio$f<1924-1996>$0143556 801 0$aIT$bUNINA$gRICA$2UNIMARC 901 $aBK 912 $a990004077300403321 952 $a305.851 BOL 1$bBibl.25815$fFLFBC 959 $aFLFBC 996 $aItaliano$9150752 997 $aUNINA